00706nam a2200205Ia 4500003000400000008004100004020002700045040000800072100002400080245010400104260002400208300001400232365001200246901002100258902003500279903005800314942001200372952009900384999001700483LDD181029s9999 xx 000 0 und d a9780521835213cP 45.00 cLDD aKhomskii, Daniel I. 0aBasic aspects of the quantum theory of solidsborder and elementary excitationscDaniel I. Khomskii aNew YorkbCUPc2010 axiv,301p. bP 45.00 a7948b11-11-2011 aIN1419b22-11-2011cFdTBBe53 aDiscount-15bReqst by : S. M. Gokhale  2ddccBK 00102ddc4070999507aLDDbLDDl0o530.41 K528Bp082842r2018-11-01v3709.80w2018-11-01yBK c99508d99508